000 01997nam0a2200337 i 4500
001 RU\NLR\BIBL_A\010775442
005 20260405184925.0
010 _a9785794212488
_9300
021 _aRU
_b2015-32597
_91932
035 _a(NILC)RuMoRGB-007920980
035 _a(NLR Aleph) 010775442
090 _a10040978
_c10040978
100 _a20150604d2015 u y0rusy50 ca
101 0 _arus
_deng
102 _aRU
105 _aa|||j|||001yy
200 1 _aПрименение Excel в современных корпоративных финансах
_dApplication of Excel in modern corporate finance
_eучебное пособие для студентов бакалавриата
_fП.Н. Брусов, Т.В. Филатова, Н.П. Орехова [и др.]
_gФедер. гос. образоват. бюджет. учреждение высш. образования "Финансовый ун-т при Правительстве Рос. Федерации", Каф. приклад. математики
_zeng
210 _aМосква
_cФинансовый университет
_d2015
215 _a171 с.
_cил.
_d28
320 _aБиблиогр.: с. 169 (10 назв.)
510 1 _aApplication of Excel in modern corporate finance
_zeng
606 1 _aMICROSOFT EXCEL, электронные таблицы
_jУчебные издания для высших учебных заведений
_xИспользование в финансовых расчетах
_92097573
_3RU\NLR\AUTH\661268984
686 1 _aУ26(0)в612я73-1
701 1 _aБрусов
_bП. Н.
_gПетр Никитович
_9131850
_3RU\NLR\AUTH\770131884
701 1 _8rus
_7ca
_aФилатова
_bТ. В.
_cканд. экон. наук
_gТатьяна Васильевна
_3RU\NLR\AUTH\7781322
_964250
701 1 _aОрехова
_bН.П.
_gНаталья Петровна
801 0 _aRU
_bРГБ
_c20150428
_gRCR
942 _cBOOK
980 _aNBR